000 00895cam a22002654a 4500
001 12546153
003 OSt
005 20250325105006.0
008 010926s2002 tnu b 000 0 eng
010 _a 2001043996
020 _a9789966201263
040 _aDLC
_cDLC
_dDLC
042 _apcc
050 0 0 _aBV4598.3
_b.R69 2002
082 0 0 _a248.4
_221
100 1 _aRowell, Edward K.
245 1 0 _aGo the distance :
_b21 habits & attitudes for winning at life /
_cEd Rowell.
260 _aNashville, Tenn. :
_bBroadman & Holman,
_cc2002.
300 _axiv, 191, [1] p. ;
_c22 cm.
504 _aIncludes bibliographical references (p. [192]).
650 0 _aSuccess
_xReligious aspects
_xChristianity.
906 _a7
_bcbc
_corignew
_d1
_eocip
_f20
_gy-gencatlg
942 _2lcc
_cBK
_n0
999 _c21003
_d21003